Handbook of heat transfer applications

Gardado en:
Detalles Bibliográficos
Main Authors: Rohsenow, Warren M (Author), Hartnett, James P (Author), Ganic, Ejup N (Author)
Formato: Libro
Idioma:inglés
Publicado: Nueva York McGraw-Hill Book Company 1985
Edición:2a. ed
Subjects:
Tags: Engadir etiqueta
Sen Etiquetas, Sexa o primeiro en etiquetar este rexistro!

MARC

LEADER 00000cam a2200000 a 4500
001 UCB0292
003 CL-VaPUC
005 20240906124844.0
008 191227e19850000us eng d
020 |a 0070535531 
082 0 4 |a 536.2  |b ROH  |2 21 
100 1 |a Rohsenow, Warren M  |e author  |9 604959 
700 1 |a Hartnett, James P  |e author  |9 608585 
700 1 |a Ganic, Ejup N  |e author  |9 608586 
245 1 0 |a Handbook of heat transfer applications 
250 |a 2a. ed 
260 |a Nueva York  |b McGraw-Hill Book Company  |c 1985 
300 |a pág. irreg 
583 |a last modification  |c 20191227 14:41:00  |k cmena 
650 0 0 |a Termodinámica   |9 259320 
650 0 0 |a Transmisión de calor  |9 259410 
650 0 0 |a Conductividad térmica   |9 360550 
650 0 0 |a Condensación  |9 360886 
650 0 0 |a Gases  |9 260945 
942 |c BK 
945 |a dcastane  |d 20191227 14:41:00 
546 |a En Inglés 
999 |c 376032  |d 376030 
952 |0 0  |1 0  |3 erd  |4 0  |6 536_200000000000000_ROH_1985  |7 0  |8 ?  |9 495172  |a BIBING  |b BIBING  |i 5613558  |o 536.2 ROH 1985  |p 5613558  |r 2025-01-20  |y BK  |z Catalogado en:20191227  |k EIQ